Teaching machines and programmed learning : A source book (Record no. 1361884)

MARC details
000 -LEADER
fixed length control field 00689nam a2200217Ia 4500
005 - DATE AND TIME OF LATEST TRANSACTION
control field 20250508160122.0
008 - FIXED-LENGTH DATA ELEMENTS--GENERAL INFORMATION
fixed length control field 008 250505s9999 xx 000 0 eng d
037 ## - SOURCE OF ACQUISITION
Stock number TextBook
040 ## - CATALOGING SOURCE
Original cataloging agency FEDL
Language of cataloging eng
Transcribing agency FEDL
041 ## - LANGUAGE CODE
Language code of text/sound track or separate title eng
Source of code eng
084 ## - COLON CLASSIFICATION NUMBER
Classification number 371.42, LUM
Assigning agency FEDL
100 ## - MAIN ENTRY--PERSONAL NAME
Personal name Lumsdaine A A Ed.
9 (RLIN) 767964
245 #0 - TITLE STATEMENT
Title Teaching machines and programmed learning : A source book
260 ## - PUBLICATION, DISTRIBUTION, ETC.
Place of publication, distribution, etc. New York, USA
Name of publisher, distributor, etc. National Education Association of the United States
Date of publication, distribution, etc. 1960
300 ## - PHYSICAL DESCRIPTION
Extent xii,724p
365 ## - TRADE PRICE
Price type code USD
Price amount 7.5
650 ## - SUBJECT ADDED ENTRY--TOPICAL TERM
Topical term or geographic name entry element Education; Vocational Guidance
9 (RLIN) 760575
700 ## - ADDED ENTRY--PERSONAL NAME
Personal name Glaser Robert Ed.
9 (RLIN) 767965
942 ## - ADDED ENTRY ELEMENTS (KOHA)
Koha item type Textbook
Classification part 371.42, LUM
Holdings
Withdrawn status Lost status Damaged status Not for loan Home library Current library Date acquired Cost, normal purchase price Total Checkouts Full call number Barcode Date last seen Price effective from Koha item type
        Department of Education Library Department of Education Library 2025-05-08 7.50   371.42, LUM EL0047854 2025-05-08 2025-05-08 Textbook
Copyright @ Delhi University Library System